Trabajo infantil en la minería: apuntes históricos
Guardat en:
| Autor principal: | |
|---|---|
| Format: | Llibre |
| Idioma: | espanyol |
| Publicat: |
Santiago
P.U.C.
1999
|
| Matèries: | |
| Etiquetes: |
Afegir etiqueta
Sense etiquetes, Sigues el primer a etiquetar aquest registre!
|
MARC
| LEADER | 00000nam a2200000 a 4500 | ||
|---|---|---|---|
| 001 | UCN9209 | ||
| 003 | CL-VaPUC | ||
| 008 | 011130e19990000cl |||||||||||||||||spa|d | ||
| 082 | 0 | 4 | |a 331.31 |b ROJ |2 21 |
| 100 | 0 | |a Rojas Flores, Jorge |e author |9 465712 | |
| 245 | 1 | 0 | |a Trabajo infantil en la minería: apuntes históricos |
| 300 | |a pág. irreg | ||
| 942 | |c BK | ||
| 945 | |d 20011130 00:00:00 |a cmena | ||
| 260 | |a Santiago |b P.U.C. |c 1999 | ||
| 650 | 0 | |a Trabajo infantil |9 389077 | |
| 650 | 0 | |a Industria metalúrgica |9 364008 | |
| 650 | 0 | |a Derechos del niño |9 258728 | |
| 650 | 0 | |a Industria minera |9 260256 | |
| 583 | |a last modification |c 20160923 12:14:45 |k Rodrigo Vera | ||
| 999 | |c 298731 |d 298729 | ||
| 952 | |0 0 |1 0 |4 0 |6 331_310000000000000_ROJ_1999 |7 0 |8 A |9 354596 |a BIBGIM |b BIBGIM |d 2019-11-21 |i 3778991 |o 331.31 ROJ 1999 |p 3778991 |r 2025-01-15 |w 2019-11-21 |y BK |k GIM | ||